[Event "Bangkok Big Rook op"]
[Site "Bangkok"]
[Date "2023.05.07"]
[Round "6"]
[White "Hinfray, Robert"]
[Black "Gudmundsson, Petur Steinn"]
[Result "0-1"]
[WhiteElo "1782"]
[BlackElo "1517"]
[PlyCount "90"]
[EventDate "2023.05.04"]
[EventType "swiss"]
[EventRounds "7"]
[EventCountry "THA"]
[SourceTitle "CBM 214 Extra"]
[Source "ChessBase"]
[SourceDate "2023.07.31"]
[SourceVersion "1"]
[SourceVersionDate "2023.07.31"]
[SourceQuality "1"]

1. c4 Nf6 2. Nc3 Nc6 3. g3 e6 4. Nf3 Bc5 5. d4 Be7 6. d5 Nb4 7. a3 Na6 8. Bg2 d6 9. 0-0 e5 10. h3 Nc5 11. b4 Ncd7 12. Be3 0-0 13. Nd2 a5 14. Nb3 axb4 15. axb4 Rxa1 16. Qxa1 h5 17. c5 h4 18. Nb5 Re8 19. Qc3 e4 20. Qd4 Nxd5 21. Qxd5 c6 22. Qxe4 d5 23. Qc2 cxb5 24. Bxd5 Bf6 25. g4 Ne5 26. Rd1 Qc7 27. Bf3 Nxf3+ 28. exf3 Qc6 29. Qe2 b6 30. Rd6 Qa8 31. Qxb5 Ba6 32. Qxb6 Bc4 33. Na5 Rxe3 34. Nxc4 Re1+ 35. Kg2 Qa1 36. f4 Rg1+ 37. Kf3 Rh1 38. Ne3 Rxh3+ 39. Ke4 Rxe3+ 40. Kxe3 h3 41. Qa6 Qxa6 42. Rxa6 h2 43. c6 h1Q 44. b5 Qc1+ 45. Ke4 Qb1+ 0-1

[Event "Bangkok Big Rook op"]
[Site "Bangkok"]
[Date "2023.05.06"]
[Round "4"]
[White "Hinfray, Robert"]
[Black "Charoenkwan, Pat"]
[Result "1-0"]
[WhiteElo "1782"]
[BlackElo "1660"]
[PlyCount "66"]
[EventDate "2023.05.04"]
[EventType "swiss"]
[EventRounds "7"]
[EventCountry "THA"]
[SourceTitle "CBM 214 Extra"]
[Source "ChessBase"]
[SourceDate "2023.07.31"]
[SourceVersion "1"]
[SourceVersionDate "2023.07.31"]
[SourceQuality "1"]

1. c4 g6 2. g3 Bg7 3. Bg2 d6 4. Nc3 e5 5. d3 f5 6. e3 Nf6 7. Nge2 0-0 8. 0-0 c6 9. Rb1 Be6 10. e4 d5 11. cxd5 cxd5 12. Qb3 Qb6 13. Qxb6 axb6 14. exd5 Bf7 15. Bg5 Na6 16. f4 Ng4 17. fxe5 Nxe5 18. d4 Nc4 19. b3 Na3 20. Rbc1 Rfe8 21. d6 h6 22. d7 hxg5 23. dxe8Q+ Rxe8 24. Rfd1 Bh6 25. Kf1 Nb4 26. Rd2 g4 27. Nf4 g5 28. Nfd5 Nxd5 29. Nxd5 Kg7 30. Nxb6 f4 31. Bxb7 Nb5 32. Bc6 Rb8 33. Nd7 Bc4+ 1-0

[Event "Bangkok Big Rook op"]
[Site "Bangkok"]
[Date "2023.05.05"]
[Round "2"]
[White "Hinfray, Robert"]
[Black "Salvador, Louie"]
[Result "0-1"]
[WhiteElo "1782"]
[BlackElo "2166"]
[PlyCount "62"]
[EventDate "2023.05.04"]
[EventType "swiss"]
[EventRounds "7"]
[EventCountry "THA"]
[SourceTitle "CBM 214 Extra"]
[Source "ChessBase"]
[SourceDate "2023.07.31"]
[SourceVersion "1"]
[SourceVersionDate "2023.07.31"]
[SourceQuality "1"]

1. Nf3 Nf6 2. d4 d5 3. Bf4 c5 4. e3 Nc6 5. Bd3 c4 6. Be2 Bf5 7. c3 e6 8. Nbd2 h6 9. Qa4 Bd6 10. Ne5 Bxe5 11. Bxe5 a6 12. Bg3 0-0 13. 0-0 b5 14. Qa3 Qb6 15. Bd6 Rfc8 16. Bc5 Qb7 17. b4 a5 18. Qb2 axb4 19. cxb4 Ra6 20. Bd1 Rca8 21. Bc2 Bxc2 22. Qxc2 Nd7 23. Rfb1 Nxc5 24. dxc5 Ra4 25. Qc3 Ra3 26. Qc1 R8a4 27. Nf3 e5 28. Qd2 Rd3 29. Qe1 Qa8 30. Rb2 Rda3 31. Qd2 c3 0-1